000 01164cam a22002771i 4500
003 SA-RiAUC
005 20250708054910.0
008 250706s2000 xx g 00000 ara c
040 _aSA-JeALM
_bara
_cSA-RiAUC
_erda
043 _aa-su---
082 0 4 _a213
_qSA-RiAUC
090 _a213
_b ز هـ ر
100 1 _aالزهراني، ناصر بن مسفر بن جمعان،
_d1383 هجري-
_eمؤلف.
245 1 0 _aنسيم الحجاز من مسجد ابن باز /
_cناصر بن مسفر القرشي الزهراني.
250 _aالطبعة الأولى.
264 1 _a[مكان النشر غير محدد] :
_bناصر بن مسفر القرشي الزهراني،
_c2000
300 _a616 صفحة ؛
_c24 سم
336 _aنص
_btxt
_2rdacontent
_3كتاب
337 _aبدون وسيط
_bn
_2rdamedia
338 _aمجلد
_bnc
_2rdacarrier
500 _aإهداء من المؤلف ناصر بن مسفر القرشي الزهراني بتاريخ 1421/1/14 هـ
650 7 _aالخطب الدينية
_2aucsh
650 7 _aالوعظ والإرشاد
_2aucsh
942 _2ddc
_cBOOK
_n0
949 _aSA-JeALM
_d250706
_umohamedma123
_n1
999 _c9588
_d9588